[Event "Ruhrgebiet Verbandsklasse Gruppe 1 1415"]
[Site "Germany"]
[Date "2014.12.14"]
[Round "4"]
[White "Nagel, Frank"]
[Black "Langaditis, Sevastianos"]
[Result "0-1"]
[WhiteElo "1738"]
[BlackElo "1764"]
[PlyCount "144"]
[EventDate "2014.09.21"]
[EventType "team-tourn"]
[EventRounds "9"]
[EventCountry "GER"]
[SourceTitle "EXT 2022"]
[Source "ChessBase"]
[SourceDate "2021.10.06"]
[SourceVersion "1"]
[SourceVersionDate "2021.10.06"]
[SourceQuality "1"]
[WhiteTeam "Waltrop SV"]
[BlackTeam "Unna SV"]
[WhiteTeamCountry "GER"]
[BlackTeamCountry "GER"]

1. d4 d6 2. Nf3 g6 3. e3 Bg7 4. Bd3 e6 5. 0-0 Ne7 6. c3 0-0 7. e4 b6 8. Bf4 h6 9. h3 Bb7 10. Qc2 Nd7 11. Nbd2 a6 12. Rfe1 Qc8 13. Nh2 e5 14. Be3 Nf6 15. Ndf3 Nc6 16. d5 Ne7 17. Qd2 Kh7 18. b4 Qd8 19. Qe2 Nexd5 20. exd5 e4 21. c4 exd3 22. Qxd3 a5 23. a3 axb4 24. axb4 Rxa1 25. Rxa1 Nxd5 26. Ra4 Nxe3 27. Qxe3 Re8 28. Qa3 Qe7 29. Ra7 Qe4 30. Nf1 c5 31. bxc5 dxc5 32. Qb3 Qc6 33. Ne3 Ra8 34. Rxa8 Bxa8 35. Qd3 Bb7 36. Qd8 Bf6 37. Qf8 Qe6 38. Nh2 Bg7 39. Qb8 Qc6 40. Nf3 Qe4 41. Qc7 Qb1+ 42. Kh2 Bxf3 43. gxf3 Qb2 44. Kg2 Qf6 45. Qb7 Qg5+ 46. Kf1 Qf6 47. Kg2 Qe6 48. Nd5 Bd4 49. Qxb6 Qf5 50. Qc7 Kg7 51. Qe7 Qc2 52. Ne3 Bxe3 53. Qxe3 Qxc4 54. Qe5+ Kh7 55. Qc7 Qd5 56. Kg3 Kg7 57. Qa5 Qg5+ 58. Kh2 Qe5+ 59. Kg2 Qd4 60. Kf1 c4 61. Qa3 c3 62. Qc1 Qd3+ 63. Ke1 Qxf3 64. Qe3 Qxe3+ 65. fxe3 Kf6 66. Ke2 Kg5 67. Kd3 c2 68. Kxc2 Kh4 69. Kd3 Kxh3 70. Ke4 Kg3 71. Ke5 h5 72. Kf6 Kf3 0-1

[Event "Ruhrgebiet Verbandsklasse Gruppe 1 1415"]
[Site "Germany"]
[Date "2014.09.21"]
[Round "1.7"]
[White "Nagel, Frank"]
[Black "Buchholz, Peter"]
[Result "1/2-1/2"]
[WhiteElo "1738"]
[BlackElo "2087"]
[PlyCount "90"]
[EventDate "2014.09.21"]
[EventType "team-tourn"]
[EventRounds "9"]
[EventCountry "GER"]
[SourceTitle "EXT 2022"]
[Source "ChessBase"]
[SourceDate "2021.10.06"]
[SourceVersion "1"]
[SourceVersionDate "2021.10.06"]
[SourceQuality "1"]
[WhiteTeam "Waltrop SV"]
[BlackTeam "Recklinghausen Laeufer Ost"]
[WhiteTeamCountry "GER"]
[BlackTeamCountry "GER"]

1. d4 g6 2. Nf3 Bg7 3. e3 d6 4. Bd3 Nc6 5. c3 Nf6 6. Qc2 0-0 7. Nbd2 e5 8. h3 exd4 9. Nxd4 Nxd4 10. cxd4 c5 11. Nf3 b6 12. 0-0 Bb7 13. Nh2 Rc8 14. Qa4 Qc7 15. Bd2 c4 16. Rac1 d5 17. Be2 Ne4 18. Bc3 Rfe8 19. Nf3 a5 20. a3 Bc6 21. Qc2 b5 22. Nd2 Nd6 23. b4 axb4 24. Bxb4 Bf8 25. Bf3 f5 26. g4 Ne4 27. gxf5 Bxb4 28. axb4 gxf5 29. Kh1 Qe7 30. Rg1+ Kh8 31. Nxe4 fxe4 32. Bg4 Ra8 33. Qd2 Ra4 34. Rb1 Bd7 35. Qe2 Ra6 36. Bxd7 Qxd7 37. Qg4 Qxg4 38. Rxg4 Rg8 39. Rf4 Rga8 40. Rf5 Ra1 41. Rxa1 Rxa1+ 42. Kg2 Rb1 43. Rxd5 Rxb4 44. Rc5 Kg7 45. f3 Rb3 1/2-1/2